|
|
|
|
| LEADER |
00000nam a22000007a 4500 |
| 003 |
cru CIDCACS/IIS |
| 005 |
20180914093053.0 |
| 008 |
180914b1987 cr ||||| |||| 00| 0 spa d |
| 999 |
|
|
|c 41681
|d 41681
|
| 040 |
|
|
|c cru CIDCACS/IIS
|
| 090 |
|
4 |
|a REV0750 (11) 1987
|
| 100 |
1 |
|
|9 7697
|a Ezcurra, Ana María
|
| 110 |
2 |
|
|9 7636
|a Departamento Ecuménico de Investigaciones (DEI)
|
| 245 |
1 |
3 |
|a El Vaticano y la teología de la liberación
|c Ana María Ezcurra
|
| 260 |
|
|
|a San José, Costa Rica
|b DEI
|c 1987
|
| 300 |
|
|
|a 1-15 páginas
|
| 650 |
1 |
7 |
|2 Macrotesauro OCDE
|9 3285
|a TEOLOGIA DE LA LIBERACION
|
| 650 |
1 |
7 |
|2 Macrotesauro OCDE
|9 6126
|a SOCIAL - DEMOCRACIA
|
| 650 |
1 |
7 |
|2 Macrotesauro OCDE
|9 4740
|a NACIONALISMO
|
| 650 |
1 |
7 |
|2 Macrotesauro OCDE
|9 3284
|a DOCTRINA DE LA IGLESIA
|
| 650 |
1 |
7 |
|2 Macrotesauro OCDE
|9 236
|a MARXISMO
|
| 650 |
1 |
7 |
|2 Macrotesauro OCDE
|9 284
|a POBREZA
|
| 651 |
1 |
0 |
|2 Macrotesauro OCDE
|9 128
|a AMERICA CENTRAL
|
| 773 |
0 |
|
|0 41641
|9 2249
|a Departamento Ecuménico de Investigaciones (DEI)
|d San José, Costa Rica Departamento Ecuménico de Investigaciones (DEI)
|o 20037
|t Pasos /
|
| 942 |
|
|
|2 ddc
|c PP
|